000 00769nam a2200241 4500
001 32552
003 AR-RoBPED
005 20260413095339.0
008 260410s1970 es |||er ||| 001 1 spa d
040 _aAR-RoBPED
041 _aspa
100 1 _aStendhal, seud.
_d1783-1842
_96770
245 1 _aRelatos /
_cStendhal; selecció, traducción y prólogo de Consuelo Berges
260 _aEspaña:
_bSalvat,
_c1970.
300 _a159 p.
490 0 _a(Biblioteca Básica Salvat;
_vN° 26)
650 4 _aLITERATURA FRANCESA
_9393
650 4 _aRELATOS
_9495
650 4 _aCUENTOS
_9291
700 _aBerges, Consuelo
_d1899-1988
_930713
_etrad. , prolog. , selec.
942 _2udc
_ak. 32552
_cBK
_h840-3
_mS 79
_ninv. 42371
945 _amm 10/04/2026 - cd 13/04/2026
999 _c32552
_d32552